Rozsnyói Rosarium

Bibliographic Details
Main Author: -giv- (Author)
Corporate Author: ROSARIUM (Rožňava, Slovensko) (Author)
Format: Article
Language:Hungarian
Slovak
Subjects:

MARC

LEADER 00000nab a2200000 a 4500
001 vtls001009343
003 SK-MaSNL
005 20260319073833.0
008 040720e20011107xo 0 hun
035 |a RV9943 
040 |a RVGKPD  |b slo  |c RVGKPD  |e AACR2 
041 0 |a slo 
044 |a xo  |c SK 
080 |a 008  |2 1981 
100 0 |a -giv-  |4 aut  |9 840445 
245 1 0 |a Rozsnyói Rosarium 
500 |a ciele 
500 |a činnosť 
610 2 7 |a ROSARIUM (Rožňava, Slovensko)  |2 RVGKPD  |9 1024050 
651 7 |a Rožňava (Slovensko)  |2 RVGKPD  |9 17394 
655 7 |a periodikum  |2 snkbucl  |9 29553 
710 2 |a ROSARIUM (Rožňava, Slovensko)  |4 aut  |9 1024050 
773 0 8 |t Szabad Újság  |g Roč. 9, č.45, 7.11.2001, s. 9 
852 |a ZVYKNI  |b KIS3GCP 
999 |c 1681021  |d 1682951